Statistics for Indiana General Knowledge

Click here to take the quiz!

General Stats

  • This quiz has been taken 11 times
  • The average score is 9 of 15

Answer Stats

Hint Answer % Correct
Major private research university near above city.Notre Dame
91%
Capital and largest city in Indiana, known for history.Indianapolis
91%
NFL team for IndianapolisColts
91%
Second largest city, city in northeastern IndianaFort Wayne
91%
Major city on the St. Joseph River in IndianaSouth Bend
82%
Automobile race held at Indianapolis Motor SpeedwayIndianapolis 500
73%
Nickname: _______ State , IU mascotHoosier
73%
Major singer and songwriter born in Gary, INMichael Jackson
73%
Major city on the Ohio River in IndianaEvansville
64%
Popular private university in IndianapolisButler
45%
National lakeshore on the Michigan-Indiana borderIndiana Dunes
36%
Two-forked river that flows through central IndianaWhite River
18%
Indiana state park located in Park County on State RoadTurkey Run
18%
Indiana state park in the northeastern part of the statePokagon
18%
An interactive history park, history museum in FishersConner Prairie
9%

Score Distribution

Percentile by Number Answered

Percent of People with Each Score

Your Score History

You have not taken this quiz